00000000nam##2200000za#4500
0019.614679
003CaOODSP
00520200327182200
007ta
008150406|1998||||xxc|||||     f|0| 0 eng|d
020 |a0-662-27475-X
040 |aCaOODSP|beng
043 |an-cn---
0861 |aMP32-28/98-24E
1101 |aCanada.|bHuman Resources Development Canada. |bApplied Research Branch.
24510|aGrowing up Canadian: a study of new immigrant children / |cby Morton Beiser et al.
260 |aOttawa - Ontario : |bHuman Resources Development Canada. |c1998.
300 |avi, 40p. : |bgraphs, references, tables ; |c28 cm.
4901 |aWorking paper|vW-98-24E
500 |a"This paper examines data from the National Longitudinal Survey of Children and Youth, focusing on familial factors that mediate the effect of poverty on children's mental health outcomes (conduct disorder, hyperactivity, emotional disorder)."--Executive summary.
5203 |aThis paper examines data from the National Longitudinal Survey of Children and Youth, focusing on familial factors that mediate the effect of poverty on children's mental health outcomes (conduct disorder, hyperactivity, emotional disorder).--Executive summary
563 |aSoftcover
590 |a99-01|b1999-01-08
69007|aImmigrants|2gcpds
69007|aPoverty|2gcpds
69007|aChildren|2gcpds
69007|aSocial policy|2gcpds
7201 |aBeiser, Morton
77508|tÉtude des nouveaux enfants immigrants qui grandissent en tant que Canadiens / |w(CaOODSP)9.625059
830#0|aWorking paper ;|vW-98-24E|w(CaOODSP)9.514795
986 |aW-98-24E